000 00490nam a2200157Ia 4500
999 _c20967
_d20967
003 OSt
005 20200611151919.0
008 190216s9999||||xx |||||||||||||| ||und||
040 _coclc
082 _a700.4113
_bRAV/P
100 _aRaveendran, P P
_92802
245 0 _aPostmodernism In Positions And Perspectives /
_cP P Raveendran
260 _bCosmos Bookhive Publishers,
_aThrissur:
_c2000.
300 _a34p
942 _cBK
_2ddc
_h700.4113
_iRAV/P
_k700.4113
_mRAV/P